000 00313nam a22001337a 4500
008 170608b xxu||||| |||| 00| 0 eng d
020 _a9780495793762
041 _aeng
080 _2 5ED
_a32
100 _a18
101 _aSHP
245 _aINTRUDUCTION COMPARATIVE POLITICS
_cKESSELMAN.M
942 _2udc
_cBK
999 _c16378
_d16378